| 000 | 00523nam a22001697a 4500 | ||
|---|---|---|---|
| 003 | OSt | ||
| 005 | 20260303160328.0 | ||
| 008 | 260303b |||||||| |||| 00| 0 eng d | ||
| 040 | _cMRSPTU | ||
| 041 | _aEnglish | ||
| 100 | _aManinderpal Singh, Supervisor: Dr. Rakesh Kumar | ||
| 245 | _aStabilization of Clayey Soil Using Waste Mortar | ||
| 260 |
_bDepartment of Civil Engg. MRSPTU, Bathinda _c2019 |
||
| 650 | _aCivil Engineering | ||
| 856 | _uhttp://163.47.215.52:8080/jspui/handle/123456789/191 | ||
| 942 |
_2ddc _cTH _n0 |
||
| 999 |
_c11050 _d11050 |
||